[Event "Copenhagen Obro CXU New Year op"]
[Site "Copenhagen"]
[Date "2023.12.28"]
[Round "3"]
[White "Larssen, Kasper Rolf"]
[Black "Jensen, Benjamin Lau"]
[Result "0-1"]
[WhiteElo "1553"]
[BlackElo "1874"]
[PlyCount "100"]
[EventDate "2023.12.27"]
[EventType "swiss"]
[EventRounds "7"]
[EventCountry "DEN"]
[SourceTitle "CB01_2024"]
[SourceDate "2024.01.03"]
[SourceVersion "1"]
[SourceVersionDate "2024.01.03"]
[SourceQuality "1"]

1. e4 c5 2. d4 cxd4 3. c3 Nf6 4. e5 Nd5 5. Nf3 Nc6 6. Bc4 Nb6 7. Bb3 d5 8. exd6 Qxd6 9. 0-0 Be6 10. Na3 Bxb3 11. Qxb3 Qd5 12. Nb5 Qxb3 13. axb3 0-0-0 14. cxd4 a6 15. Nc3 f6 16. Be3 Nd5 17. Rfc1 g5 18. Ne4 e6 19. Rxa6 bxa6 20. Rxc6+ Kd7 21. Rxa6 Be7 22. Ne1 Ra8 23. Rxa8 Rxa8 24. Kf1 f5 25. Nc5+ Bxc5 26. dxc5 Rb8 27. Bxg5 Rxb3 28. Bc1 Kc6 29. Nf3 Rb7 30. Nd4+ Kxc5 31. Nxe6+ Kc4 32. Ng5 Kd3 33. Nf3 Kc2 34. Be3 Rxb2 35. Nd4+ Kd3 36. g3 Nxe3+ 37. fxe3 Ke4 38. Kg1 Ra2 39. h3 h5 40. Ne6 Kf3 41. Ng7 Rg2+ 42. Kf1 Rxg3 43. Nxf5 Rxh3 44. Kg1 Ke4 45. Kg2 Rf3 46. Ng3+ Kxe3 47. Nxh5 Rf5 48. Ng3 Rg5 49. Kh2 Kf3 50. Nh1 Rg7 0-1